| Поле | Название | Значение |
| |
Тип записи |
c |
| |
Библиографический уровень |
m |
| 001 |
Контрольный номер |
UONB/MAIN/587819fdb3424eaeb6040243238bf105 |
| 005 |
Дата корректировки |
20251107125252.6 |
| 010 |
Индекс ISBN |
__ |
| 9 |
Тираж |
7700 экз. |
| 013 |
Номер (ISMN) |
__ |
| d |
Цена |
45 к. |
| 071 |
Издательские номер (звукозапись и ноты) |
21 |
| a |
Номер, присвоенный агентством |
6330 |
| 100 |
Данные общей обработки |
__ |
| a |
Данные общей обработки |
20251107d1970 u y0rusy0189 ca |
| 101 |
Язык документа |
0_ |
| a |
Язык текста |
rus |
| f |
Язык титульного листа |
rus |
| 102 |
Страна публикации |
__ |
| a |
Страна публикации |
RU |
| 125 |
Кодированные данные звукозаписи и нотных изданий |
__ |
| a |
Форма изложения нотного текста |
с| |
| 128 |
Кодированные данные (звукозаписи-физические характеристики) |
__ |
| a |
Кодированные данные: Музыкальная форма и тональность или лад |
li |
| c |
Инструменты или голоса, рекомендуемые для солистов (устаревшее) |
vu|| |
| 200 |
Заглавие и сведения об ответственности |
1_ |
| a |
Заглавие |
Сторона моя, сторонушка |
| e |
Сведения, относящиеся к заглавию |
песни и романсы русских композиторов |
| e |
Сведения, относящиеся к заглавию |
для голоса в сопровождении фортепиано |
| f |
Первые сведения об ответственности |
составитель и автор вступительной статьи Ю. Якушев |
| 203 |
Вид содержания и тип средства |
__ |
| a |
Вид содержания |
Музыка |
| b |
Характеристика содержания |
знаковая |
| c |
Тип средства |
непосредственная |
| 210 |
Выходные данные |
1_ |
| a |
Место издания |
Москва |
| c |
Издательство |
Музыка |
| d |
Дата издания |
1970 |
| 215 |
Физическое описание |
__ |
| a |
Объем |
34 с. |
| d |
Формат |
29 см |
| 225 |
Серия |
1_ |
| a |
Серия |
Репертуар вокалиста |
| 327 |
Примечание о содержании |
11 |
| a |
Примечание о содержании |
Содерж.: Булахов П. За рекою, за Десной... / сл. В. Красова ; Сторона моя, сторонушка... ; Ах ты, Волга, Волга-матушка... ; Не кукушечка во сыром бору куковала... / сл. В. Чуевского ; Слышишь ли, мой сердечный друг... ; Ох, да не дубравушка шумит... / слова народные ; Полюби, не губи... / сл. неизвестного автора ; Ты коса ли моя... / слова К. Т. Соколов В. Выбор жены / сл. Тимофеева ; Соловьем залетным... / сл. А. Кольцова ; Так и рвется душа... / сл. А. Кольцова. Ехали ребята... ; Вниз по Волге-реке... : русские нар. песни / обраб. А. Дюбюка. Гурилев А. Улетала пташечка... / сл. С. Сельского. Ой вы, гусли : Тидеман К. Пойте, гусли, песню грустную... / сл. и муз. К. Тидемана. Эх, взвей сильнее, ветр игривый... : из трагедии "Ермак" / запись и обраб. А. Семенова ; сл. А. Хомякова. Сахновский Ю. Ой, честь ли молодцу... / сл. А. К. Толстого. Варламов А. Глаза / сл. А. Кольцова |
| 464 |
Аналитический уровень |
_0 |
| 1 |
|
700 1 |
| a |
|
Булахов |
| b |
|
П. |
| 1 |
|
702 1 |
| a |
|
Красов |
| b |
|
В. |
| 4 |
|
520 |
| 1 |
|
2001 |
| a |
|
За рекою, за Десной... |
| 464 |
Аналитический уровень |
_0 |
| 1 |
|
700 1 |
| a |
|
Булахов |
| b |
|
П. |
| 1 |
|
702 1 |
| a |
|
Чуевский |
| b |
|
В. |
| 4 |
|
520 |
| 1 |
|
2001 |
| a |
|
Сторона моя, сторонушка... |
| 464 |
Аналитический уровень |
_0 |
| 1 |
|
700 1 |
| a |
|
Булахов |
| b |
|
П. |
| 1 |
|
702 1 |
| a |
|
Слова народные |
| 4 |
|
520 |
| 1 |
|
2001 |
| a |
|
Слышишь ли, мой сердечный друг... |
| 464 |
Аналитический уровень |
_0 |
| 1 |
|
700 1 |
| a |
|
Булахов |
| b |
|
П. |
| 1 |
|
702 1 |
| a |
|
Слова неизвестного автора |
| 4 |
|
520 |
| 1 |
|
2001 |
| a |
|
Полюби, не губи... |
| 464 |
Аналитический уровень |
_0 |
| 1 |
|
700 1 |
| a |
|
Булахов |
| b |
|
П. |
| 1 |
|
702 1 |
| a |
|
Чуевский |
| b |
|
В. |
| 4 |
|
520 |
| 1 |
|
2001 |
| a |
|
Не кукушечка во сыром бору куковала... |
| 464 |
Аналитический уровень |
_0 |
| 1 |
|
700 1 |
| a |
|
Булахов |
| b |
|
П. |
| 1 |
|
702 1 |
| a |
|
Слова народные |
| 4 |
|
520 |
| 1 |
|
2001 |
| a |
|
Ох, да не дубравушка шумит... |
| 464 |
Аналитический уровень |
_0 |
| 1 |
|
700 1 |
| a |
|
Булахов |
| b |
|
П. |
| 1 |
|
702 1 |
| a |
|
К. Т. |
| 4 |
|
520 |
| 1 |
|
2001 |
| a |
|
Ты коса ли моя... |
| 464 |
Аналитический уровень |
_0 |
| 1 |
|
036 |
| t |
|
Не женись на умнице... |
| 1 |
|
700 1 |
| a |
|
Соколов |
| b |
|
В. |
| 1 |
|
702 1 |
| a |
|
Тимофеев |
| 4 |
|
520 |
| 1 |
|
2001 |
| a |
|
Выбор жены |
| 464 |
Аналитический уровень |
_0 |
| 1 |
|
700 1 |
| a |
|
Соколов |
| b |
|
В. |
| 1 |
|
702 1 |
| a |
|
Кольцов |
| b |
|
А. |
| 4 |
|
520 |
| 1 |
|
2001 |
| a |
|
Соловьем залетным... |
| 464 |
Аналитический уровень |
_0 |
| 1 |
|
700 1 |
| a |
|
Соколов |
| b |
|
В. |
| 1 |
|
702 1 |
| a |
|
Кольцов |
| b |
|
А. |
| 4 |
|
520 |
| 1 |
|
2001 |
| a |
|
Так и рвется душа... |
| 464 |
Аналитический уровень |
_0 |
| 1 |
|
702 1 |
| a |
|
Дюбюк |
| b |
|
А. |
| 4 |
|
030 |
| 1 |
|
2001 |
| a |
|
Ехали ребята... |
| e |
|
русская народная песня |
| 464 |
Аналитический уровень |
_0 |
| 1 |
|
702 1 |
| a |
|
Дюбюк |
| b |
|
А. |
| 4 |
|
030 |
| 1 |
|
2001 |
| a |
|
Вниз по Волге-реке... |
| e |
|
русская народная песня |
| 464 |
Аналитический уровень |
_0 |
| 1 |
|
700 1 |
| a |
|
Гурилев |
| b |
|
А. |
| 1 |
|
702 1 |
| a |
|
Сельский |
| b |
|
С. |
| 4 |
|
520 |
| 1 |
|
2001 |
| a |
|
Улетала пташечка... |
| 464 |
Аналитический уровень |
_0 |
| 1 |
|
036 |
| t |
|
Пойте, гусли, песню грустную... |
| 1 |
|
700 1 |
| a |
|
Тидеман |
| b |
|
К. |
| 1 |
|
702 1 |
| a |
|
Тидеман |
| b |
|
К. |
| 4 |
|
520 |
| 1 |
|
2001 |
| a |
|
Ой вы, гусли... |
| 464 |
Аналитический уровень |
_0 |
| 1 |
|
702 1 |
| a |
|
Семенов |
| b |
|
А. |
| 4 |
|
030 |
| 1 |
|
702 1 |
| a |
|
Хомяков |
| b |
|
А. |
| 4 |
|
520 |
| 1 |
|
2001 |
| a |
|
Эх, взвей сильнее, ветр игривый... |
| e |
|
из трагедии "Ермак" |
| 1 |
|
50010 |
| a |
|
Ермак |
| 464 |
Аналитический уровень |
_0 |
| 1 |
|
700 1 |
| a |
|
Сахновский |
| b |
|
Ю. |
| 1 |
|
702 1 |
| a |
|
Толстой |
| b |
|
А. К. |
| 4 |
|
520 |
| 1 |
|
2001 |
| a |
|
Ой, честь ли молодцу... |
| 464 |
Аналитический уровень |
_0 |
| 1 |
|
036 |
| t |
|
Погубили меня твои черные глаза... |
| 1 |
|
700 1 |
| a |
|
Варламов |
| b |
|
А. |
| 1 |
|
702 1 |
| a |
|
Кольцов |
| b |
|
А. |
| 4 |
|
520 |
| 1 |
|
2001 |
| a |
|
Глаза |
| 464 |
Аналитический уровень |
_0 |
| 1 |
|
700 1 |
| a |
|
Булахов |
| b |
|
П. |
| 1 |
|
702 1 |
| a |
|
Чуевский |
| b |
|
В. |
| 4 |
|
520 |
| 1 |
|
2001 |
| a |
|
Ах ты, Волга, Волга-матушка... |
| 606 |
Тематические рубрики |
0_ |
| a |
Основная рубрика |
Сольное пение |
| x |
Основная подрубрика |
Романсы русских композиторов |
| x |
Основная подрубрика |
Старинные романсы |
| 610 |
Ключевые слова |
0_ |
| a |
Ключевые слова |
сольное пение; романсы русских композиторов; старинные романсы и песни |
| 686 |
Индексы других классификаций |
__ |
| a |
Классификационный индекс |
85.943.4-043.3(28)я43 |
| 2 |
Код системы |
rubbk |
| 686 |
Индексы других классификаций |
__ |
| 2 |
Код системы |
rubbk |
| 702 |
Вторичная интеллектуальная ответственность |
_1 |
| a |
Фамилия |
Якушев |
| b |
Имя (инициалы) |
Ю. |
| 4 |
Код отношения |
220 |
| 4 |
Код отношения |
080 |
| 801 |
Источник записи |
_0 |
| a |
Страна |
RU |
| b |
Организация |
Ульяновская ОНБ |
| c |
Дата составления |
20250907 |
| g |
Правила каталогизации |
RCR |
| 801 |
Источник записи |
_1 |
| a |
Страна |
RU |
| b |
Организация |
Ульяновская ОНБ |
| c |
Дата составления |
20250907 |
| 901 |
Тип документа |
__ |
| t |
Тип документа |
m |
| 909 |
Создатель записи |
__ |
| a |
Создатель записи |
Никитина Т. А. |
| b |
Дата создания записи |
20250907 |